All Cities in GTA (Greater Toronto Area) - Statistics

General Stats
  • This quiz has been taken 84 times
  • The average score is 12 of 26
Answer Stats
Population Answer % Correct
3.0 million Toronto
100%
829,000 Mississauga
86%
604,000 Brampton
79%
343,000 Markham
71%
180,000 Oshawa
69%
240,000 Vaughan
68%
209,000 Richmond Hill
60%
210,000 Oakville
59%
120,000 Ajax
58%
180,000 Burlington
58%
90,000 Pickering
56%
80,000 Newmarket
51%
55,000 Aurora
46%
112,000 Milton
41%
135,000 Whitby
41%
19,000 King
33%
60,000 Halton Hills
32%
150,000 York
32%
77,000 Caledon
26%
22,000 Uxbridge
23%
78,000 Clarington
22%
22,000 Scugog
15%
50,000 Whitchurch-Stouffville
15%
12,000 Brock
13%
35,000 East Gwilimbury
5%
8,000 King City
4%
No matching quizzes found
Score Distribution
Percent of People with Each Score
Percentile by Number Answered
Your Score History
You have not taken this quiz